| 000 | 02502cam a22005294i 4500 | ||
|---|---|---|---|
| 003 | PE-LiUPU | ||
| 005 | 20250731172731.0 | ||
| 008 | 150617s r 000 0 d | ||
| 020 | _a8422008173 | ||
| 035 | _a(Sirsi) i9788422008170 | ||
| 040 |
_aPE-LiUPU _bspa _cPE-LiUPU _erda |
||
| 049 | _aPRUA | ||
| 082 | 0 | 4 |
_a232.1 _bC13 _221 |
| 100 | 1 |
_aCaba, José, _eautor. |
|
| 245 | 1 | 3 |
_aEl Jesús de los evangelios / _cJosé Caba. |
| 264 | 1 |
_aMadrid : _bBiblioteca de Autores Cristianos, _c1977. |
|
| 300 |
_a335 páginas ; _c20 centímetros. |
||
| 336 |
_atext _2rdacontent |
||
| 337 |
_aunmediated _2rdamedia |
||
| 338 |
_avolume _2rdacarrier |
||
| 490 | 0 |
_aBiblioteca de Autores Cristianos, declarada de interés nacional ; _v392 |
|
| 504 | _aIncluye bibliografía. | ||
| 505 | 0 | _aPresentación de la figura de Jesús en cada uno de los evangelios: Presentación de la figura de Jesús en el evangelio de Marcos -- Presentación de la figura de Jesús en el evangelio de Mateo -- Presentación de la figura de Jesús en el evangelio de Lucas -- Presentación de la figura de Jesús en el evangelio de Juan -- Contenido evangélico de los títulos cristológicos -- El título Cristo -- El título Hijo del hombre -- El título Hijo de Dios -- Proceso de formación de los diversos títulos: Tradición y origen del título Cristo -- Tradición y origen del título Hijo del hombre -- Tradición y origen del título Hijo de Dios. | |
| 526 | _aSEG42 | ||
| 526 | _aSEG41 | ||
| 526 | _aSEG40 | ||
| 526 | _aSEG39 | ||
| 526 | _aP94 | ||
| 526 | _aP87 | ||
| 526 | _aP86 | ||
| 526 | _aP85 | ||
| 526 | _aP77 | ||
| 526 | _aP76 | ||
| 526 | _aP35 | ||
| 600 | 1 | _aJesucristo | |
| 650 | 0 | 4 | _aNatividad. |
| 910 |
_ajck _bjvq _cjck _d20150616 |
||
| 942 |
_2ddc _cBOOK |
||
| 949 |
_a232.1 C13 _wDEWEY _c1 _i37608 _lCCODEBUL1 _mBUL _r0 _sY _tBOOK _u2015-4-21 _xTEOLOGIA _PP35 _0COMPRA _o.STAFF. Colección General |
||
| 949 |
_a232.1 C13 _wDEWEY _c2 _i16662 _lCCODEBUL1 _mBUL _r0 _sY _tBOOK _u2015-4-21 _xTEOLOGIA _PP35 _0COMPRA _o.STAFF. Colección General |
||
| 994 |
_aC0 _bPEPRU |
||
| 596 | _a1 | ||
| 999 |
_a232.1 C13 _wDEWEY _c1657 _i37608 _f2021-11-11 _g5 _lCCODEBUL1 _mBUL _r0 _sY _tBOOK _u2015-4-21 _xTEOLOGIA _PP35 _0COMPRA _o.STAFF. Colección General _d1657 |
||
| 999 |
_a232.1 C13 _wDEWEY _c2 _i16662 _f2021-11-11 _g5 _lCCODEBUL1 _mBUL _r0 _sY _tBOOK _u2015-4-21 _xTEOLOGIA _PP35 _0COMPRA _o.STAFF. Colección General |
||
| 980 |
_81 _gALBERTO SANCHEZ Responsable de Automatización |
||